6e H1 - Les débuts de l'humanité - Statistiques

Statistiques générales
  • Ce quiz a été pris 5 fois
  • Le résultat moyen est 5 sur 12
Statistiques - réponses
Définition Mot de vocabulaire % Correct
Espèce humaine actuelle Homo Sapiens
100%
Déplacement d'une personne ou d'un groupe d’un lieu vers un autre pour s’y installer Migration
80%
Personne qui n’a pas d’habitat fixe et qui se déplace régulièrement Nomade
80%
Pierre très dure qui permet de produire des outils tranchants Silex
80%
Endroit où l’on fait le feu Foyer
60%
Période de la Préhistoire allant de l’apparition des premiers humainsjusqu’à la naissance de l’agriculture Paléolithique
60%
Naissance de l'agriculture - 10 000 ans
20%
Migration d'Homo Sapiens hors de l'Afrique - 120 000 ans
20%
Apparition de l'Homo Sapiens - 300 000 ans
20%
Apparition des premiers humains (Homo) - 2,8 millions d'années
0%
Maîtrise du feu - 400 000 ans
0%
Apparition de Toumaï, la première espèce proche des humains - 7 millions d'années
0%
Aucun quiz correspondant
Distribution des résultats
% des personnes avec chaque résultat
Percentile par nombre de réponses
Votre historique - résultats
Vous n’avez pas pris ce quiz